Několik poznámek k výkonu činnosti auditorů.
Základná charakteristika činnosti auditorov. Význam a metódy kontroly ročnej účtovnej uzávierky. Problematika náhodných kontrol. Preskúšavanie vybraných úsekov účtovníctva v priebehu hodnoteného roka. Význam práce auditorov.
Gespeichert in:
| 1. Verfasser: | |
|---|---|
| Format: | Buchkapitel |
| Sprache: | Tschechisch |
| Schlagworte: | |
| Tags: |
Keine Tags, Fügen Sie das erste Tag hinzu!
|
MARC
| LEADER | 00000naa a2200000 4500 | ||
|---|---|---|---|
| 001 | r006802 | ||
| 005 | 20221125081444.0 | ||
| 041 | 0 | |a cze | |
| 044 | |a [CS] | ||
| 245 | 1 | 0 | |a Několik poznámek k výkonu činnosti auditorů. |c V. Schiffer |
| 520 | |a Základná charakteristika činnosti auditorov. Význam a metódy kontroly ročnej účtovnej uzávierky. Problematika náhodných kontrol. Preskúšavanie vybraných úsekov účtovníctva v priebehu hodnoteného roka. Význam práce auditorov. | ||
| 610 | 2 | 0 | |a kontrola |
| 610 | 2 | 0 | |a uzávierka účtovná |
| 610 | 2 | 0 | |a účtovníctvo vnútropodnikové |
| 610 | 2 | 0 | |a revízia dokladová |
| 610 | 2 | 0 | |a audítori |
| 610 | 2 | 0 | |a ČSFR |
| 100 | 1 | |a Schiffer, V. | |